000
00309nam a22001337a 4500
020
_a
81-8022-088-5
082
_a
000
_b
PRI/C
100
_a
PRIORITY PUBLICATIONS
245
_a
COMMON NOUN
260
_a
INDIA
_b
PRIORITY PUBLICATIONS
300
_a
12
650
_a
MY LITTLE BOOKI OF GRAMMAR
_z
INDIA
942
_c
BK
999
_c
4651
_d
4651